000 00365nam a22001697a 4500
003 UA-OsUOA
001 4752
007 ta
008 20050721b un ||||| |||| 00| 0 ukr d
100 _aLeuchtenburg
700 _aE. William
942 _cBK
040 _aUA-OsUOA
_cUA-OsUOA
_dUA-OsUOA
245 _aNew Deal and Global War. V 11.
955 _a2
650 7 _2UDC
999 _c290914
_d290914